| 000 | 00992nam a2200325 c 4500 | ||
|---|---|---|---|
| 999 |
_c33813 _d33813 |
||
| 003 | BLK | ||
| 005 | 20220225170745.0 | ||
| 008 | 180408b bul|||||r ||||||| ||bul|| | ||
| 010 | _aKNG00036506000 | ||
| 040 | _aBLK | ||
| 041 |
_aBUL _cBUL |
||
| 072 | 7 |
_2bullib _aЯ _xАвтографи |
|
| 072 | 7 |
_2bullib _aК _xКраезнание |
|
| 080 |
_aБългарска литература _b821.163.2 _x-1 _z821.163.2-1 |
||
| 100 | 1 |
_aРаев, Любомир _eпърви автор _9273258 |
|
| 139 |
_aРаев, Любомир _bР 18 |
||
| 245 | 1 | 0 |
_aУлици _bСтихове - лирика, песни _cЛюбомир Раев. |
| 257 | _aBGR | ||
| 260 |
_bИзд. авт. _c1998 |
||
| 300 |
_a44 с. _c14 см |
||
| 380 | _aX | ||
| 653 | _aулици | ||
| 659 | _aК | ||
| 659 | _aЯ | ||
| 852 | _aЦб І 30398 | ||
| 852 | _aК 821.163.2/Р 18 Л | ||
| 856 | 4 | _qpdf | |
| 856 | 4 | _qpdf | |
| 942 |
_cKNG _n0 _s1 |
||
| 944 |
_aCR _c15.01.2003 _kAB_DOS |
||
| 944 |
_aED _c15.12.2014 _kРенета_Константинова |
||
| 999 | _d33813 | ||